LEADER 00892nam a22002651i 4500 001 991001660489707536 005 20031201124744.0 008 040407s1979 it a||||||||||||||||ita 035 $ab12804290-39ule_inst 035 $aARCHE-078392$9ExL 040 $aDip.to Scienze Storiche$bita$cA.t.i. Arché s.c.r.l. Pandora Sicilia s.r.l. 082 04$a551.5 100 1 $aNangeroni, Giuseppe$034020 245 13$aIl clima /$cGiuseppe Nangeroni 250 $a5. rist. 260 $aTorino :$bLoescher,$c1979 300 $a65 p. :$bill. ;$c24 cm 440 3$aLa ricerca ;$v24 650 4$aClima 907 $a.b12804290$b02-04-14$c16-04-04 912 $a991001660489707536 945 $aLE009 GEOG.10.5-113$g1$i2009000176911$lle009$o-$pE0.00$q-$rl$s- $t0$u1$v0$w1$x0$y.i13351771$z16-04-04 996 $aClima$9294311 997 $aUNISALENTO 998 $ale009$b16-04-04$cm$da $e-$fita$git $h3$i1 LEADER 02893nam 2200613 a 450 001 9910784795103321 005 20230207224303.0 010 $a1-280-40785-9 010 $a9786610407859 010 $a1-84642-157-8 010 $a1-4175-6349-4 035 $a(CKB)1000000000400286 035 $a(EBL)334937 035 $a(OCoLC)181421410 035 $a(SSID)ssj0000099522 035 $a(PQKBManifestationID)11108867 035 $a(PQKBTitleCode)TC0000099522 035 $a(PQKBWorkID)10007308 035 $a(PQKB)10338561 035 $a(MiAaPQ)EBC334937 035 $a(Au-PeEL)EBL334937 035 $a(CaPaEBR)ebr5007493 035 $a(CaONFJC)MIL40785 035 $a(OCoLC)70750187 035 $a(EXLCZ)991000000000400286 100 $a20010226d2000 uy 0 101 0 $aeng 135 $aur|n|---||||| 181 $ctxt 182 $cc 183 $acr 200 10$aAdvocacy skills for health and social care professionals$b[electronic resource] /$fNeil Bateman 210 $aLondon $cJ. Kingsley$d2000 215 $a1 online resource (187 p.) 300 $aPrevious ed.: Advocacy Skills: A handbook for human service professionals, 1995. 311 $a1-84985-324-X 311 $a1-85302-865-7 320 $aIncludes bibliographical references and indexes. 327 $aCOVER; Advocacy Skills for Health and Social Care Professionals; Contents; PREFACE; ACKNOWLEDGEMENTS; Part 1 Contexts; 1 What Advocacy is, Why it Matters and Why It Happens; 2 Ethical Principles for Effective Advocacy; 3 Advocacy in Action; Part 2 The Advocate's Skills; 4 Introduction to Part 2; 5 Interviewing; 6 Assertiveness and Force; 7 Negotiation; 8 Self-management; 9 Legal Knowledge and Research; 10 Litigation; 11 A Structure for Advocacy; 12 What Next?; SUBJECT INDEX; AUTHOR INDEX; 330 $aMost professionals working in health or social care will be required to act as advocates as part of their work. A social worker or community nurse may need to obtain extra benefits or a particular service for a client; a housing official may need to help a tenant whose benefit has been delayed thus placing them at risk of homelessness; a voluntary body may decide to challenge a statement of special educational needs for a child. This is a practical guide to advocacy skills specifically written for those in the health and social care professions. Neil Bateman examines the function of advocacy w 606 $aSocial advocacy 606 $aPatient advocacy 615 0$aSocial advocacy. 615 0$aPatient advocacy. 676 $a361.3 700 $aBateman$b Neil$f1955-$01499273 701 $aBateman$b Neil$f1955-$01499273 801 0$bMiAaPQ 801 1$bMiAaPQ 801 2$bMiAaPQ 906 $aBOOK 912 $a9910784795103321 996 $aAdvocacy skills for health and social care professionals$93725178 997 $aUNINA LEADER 00786nam0 22002051i 450 001 UON00187315 005 20231205103159.214 100 $a20030730d1964 |0itac50 ba 101 $aeng 102 $aGB 105 $a|||| ||||| 200 1 $aDynamic programming and markov processes$fRonald A. Howard 210 $aCambridge$cThe MIT press$d1964. VIII$d136 p. ; 23 cm. 700 1$aHOWARD$bRonald A.$3UONV109024$00 801 $aIT$bSOL$c20240220$gRICA 899 $aSIBA - SISTEMA BIBLIOTECARIO DI ATENEO$2UONSI 912 $aUON00187315 950 $aSIBA - SISTEMA BIBLIOTECARIO DI ATENEO$dSI V ECON B 0253 $eSI MR 82869 5 0253 996 $aDynamic Programming and Markov Processes$9435766 997 $aUNIOR